Datum a čas kvízu

22.5 Celkem bodů Celkový počet nahraných bodů na tomto kvízu bez doplňovacích otázek.
4. Pořadí na kvízu Konečné umístění týmu na tomto kvízu.

Zaznamenané odpovědi

# Otázka Odpověď Body Výsledky
1. Úředníci pražského katastrální... 1
2. Extrémní sněhovou nadílku, kte... 0
3. Jistá značka vodky přišla tent... 0
4. Jak se jmenuje firma Elona Mus... 1
5. Norští olympijští kuchaři si s... 0
6. Ke které knize odkazuje tento... 1
7. Jak se jmenuje pás ostrovů, do... 1
8. Jak nazýváme vojensko-politick... 1
9. Jedna dvoučlenná a dnes již ne... 0
10. Kterou lichotivou přezdívkou č... 1